ACC College Football Teams in 2003 - Statistics

General Stats
  • This quiz has been taken 27 times
  • The average score is 12 of 18
Answer Stats
Answer % Correct
Florida State
91%
Georgia Tech
87%
NC State
87%
Wake Forest
83%
Clemson
78%
Virginia
78%
Duke
74%
Blue Devils
57%
Demon Deacons
57%
Maryland
57%
Seminoles
57%
Tigers
57%
UNC
57%
Wolfpack
57%
Yellow Jackets
57%
Cavaliers
52%
Tar Heels
48%
Terrapins
43%
No matching quizzes found
Score Distribution
Percent of People with Each Score
Percentile by Number Answered
Your Score History
You have not taken this quiz